Quizzes
Events
Quiz Creation
Community
Videos
Private Events
Remove Ads
Sign In
Join for FREE
Feedback
Dark Mode
Quiz Categories
Sports
Geography
Music
Movies
Television
Just For Fun
Miscellaneous
History
Literature
Language
Science
Gaming
Entertainment
Religion
Holiday
For Kids
Quiz Lab
Recent
Popular Today
Quiz Kudos Today
Editor Picks
Curator Picks
Quizzes by...
Day
Popularity
Type
Ratings
Length
Year
Community
Subscriptions
Recent Discussions
Orange Saloon
Badges
Playlists
Quests
Create
Leaderboards
Showdown
Live 5
Trivia Bingo
Activity
Puzzle Library
Sporcle Events
Private Events
Virtual Trivia
Globe League
Become a Host
Pub Owners
SporcleCon
Opinionation
Our Games
Videos
Blog
Mobile Apps
Partnerships
Remove Ads and Go Orange
Feedback
History
US Presidents
World Leaders
Politics
Nation
Discovery
War
Decade
Year
Century
Biography
Art
History
US Presidents
World Leaders
Politics
Nation
Discovery
War
Decade
Year
Century
Biography
Art
Random Quiz
Search Sporcle
×
Quiz Lab
Quiz Lab
History
Discovery
Type in answers that appear in a list
Type in answers that appear in a list
Classic
Best Score? Go Orange.
Shipwrecks Stats
Can you name the shipwrecks?
By
CocoMac877
3m
11 Questions
272 Plays
272 Plays
272 Plays
Comments
Comments
Give Quiz Kudos
Give Quiz Kudos
-
- Ratings
hide this ad
More Info
Replay
Link that replays current quiz
Next Quiz
Link to next quiz in quiz playlist
You Got
0%
They Got
Avg Score
44%
Avg Friend Score
Upgrade to see
Score Distribution
Jump to the score distribution portion of the page
Score
0/11
Timer
03:00
0
Plays Today
Description
Wreck
% Correct
Probably the most famous shipwreck in the world, being from Belfast all I have to say is, she was working fine when she left port!
RMS Titanic
93%
This ships sinking, which took the lives of 1,198 of the 1,959 people aboard, contributed to American entry into WW1.
RMS Lusitania
83.8%
One of the most famous warships of WW2, in its 135 hours of action it managed to sink HMS Hood, pride of the Royal Navy.
Bismarck
77.6%
Sunk during the Japanese attack on Pearl Harbour, this ship retains the right, in perpetuity, to fly the United States flag as if she were an active, commissioned naval vessel.
USS Arizona
76.8%
The world's largest battleship ever built, the ship held special significance to the Empire of Japan as a sign of its Naval Power.
Yamato
44.1%
One of the first ships with the ability to fire broadside, she was pride of the English fleet for over 30 years, sank in battle with the French.
Mary Rose
36.4%
Built at a time when Sweden was one of the major players in Europe, this ship sank less than a nautical mile into her maiden voyage.
Vasa
32.4%
One of French explorer La Salle's ships, its name means 'the beauty'.
La Belle
26.5%
Side-
wheel steam ship, sank approx. 100 miles of the coast of Georgia carrying a large load of gold and silver coins.
SS Republic
8.8%
This was a ship of the Dutch East India Company which sank on her maiden voyage, better known for the subsequent mutiny and massacre among the survivors.
Batavia
8.8%
The discovery of this wreck, just off Crete, is perhaps one of the most important ever, as among the salvage was the world's oldest known analog computer.
Antikythera
5.1%
Quiz Playlist
Details
Report
Send in Message
Add To Playlist
More Info:
I've included some shipwrecks I hadn't really heard of because I felt they were significant, or were of particular interest.
Classic:
Type in answers that appear in a list
Last Updated: Feb 16, 2017
Quiz Scoreboard
CHALLENGE
Sign Up to Join the Scoreboard
Show All
Scores
Hide
Comments
May contain spoilers
Recently Published
Decade Duel: World Leaders
by jenniferyan
History
4m
Alphabetical 'K' Countries by Flag Minefield
by ylime102
Geography
3m
Pick 6: Fruits
by JohnFran
Miscellaneous
15s
More to Explore
Quiz From the Vault
Featured Blog Post
15 Basketball Trivia Facts You Can Be March Mad About
hide this ad
You Might Also Like...
Tags
Discovery Quiz
date
description
Shipwreck
Wreck
Today's Top Quizzes in History
Browse History
hide this ad
Today's Top Quizzes in Discovery
Browse Discovery
Top Contributed Quizzes in History
1
Decade Duel: US Presidents of the 1900s
2
I Am Born On March 19th
3
Decade Duel: US Presidents of the 1800s
4
Famous Spring Paintings
5
Art in Bloom
6
Arab Spring Nations
7
Lead up to World War One
8
27 Amendments
9
Constitutional Quiz
10
History by Year: 1980s
Explore More
Trending Topics
Marvel
Disney
NBA
Anime
Harry Potter
Crossword
Kpop
The Office
Puzzle
Pokémon
NFL
WWE
Country
Song
Soccer
hide this ad
More By:
CocoMac877
Quiz
Plays
Rating
Category
Featured
Created
Countries by % population killed in WW2
6,487
2.42
History
Feb 6, 2011
Countries Israel Defeated in the Six Day War
2,250
4.00
History
Mar 19, 2011
Host Cities of Both the Olympics and FIFA World Cup
684
3.83
Sports
Apr 7, 2011
5 worst Pandemics
634
2.67
History
Apr 5, 2011
QI (Quite Interesting) Quiz
575
3.00
Just For Fun
Apr 7, 2011
Go to Creator's Profile
Score Distribution
Quiz Creator Spotlight
CocoMac877
Follow
Send a Message
Quizzes Created
-
Created Quiz Play Count
-
More By This Creator
Popular Quizzes Today
1
Countries of Asia Without Outlines Minefield
2
Find the US States - No Outlines Minefield
3
Pick 6: Fruits
4
The Countries of the World
5
Alphabetical 'K' Countries by Flag Minefield
6
Find the Countries of Europe - No Outlines Minefield
7
US States
8
Find the US States
More History Quizzes
Country by Revolutionary Group
Published
Trending Quizzes
Pick 6: Mountains
Pick 6: Harry Potter
Pick 6: Flags
Pick 6: NFL Teams
Pick 6: Movie Franchises
Recently Updated
Adaptations: Name the Title
pecheneg
NWSL Teams
pecheneg
Women's Final Four Teams by Year
bhenderson79
Presidents Quartet II
eogle
Anything But Clue(do)
eogle
Anything But Oceanian Capitals
eogle
Anything But 7
eogle
Anything But Thing
eogle
Word Ladder: February 29
pecheneg
Song Title Questions
pecheneg
Trending Topics
Marvel
NBA
Kpop
Disney
Crossword
Anime
Harry Potter
Soccer
WWE
NFL
The Office
Country
Pokémon
Puzzle
Song
Your Account Isn't Verified!
In order to create a playlist on Sporcle, you need to verify the email address you used during registration. Go to your
Sporcle Settings
to finish the process.
Report this User
Report this user for behavior that violates our
Community Guidelines
.
Details:
Send Report
Go to the Sporcle.com Mobile Site →
Comments